[Event "Schwaebisch Gmuend op"]
[Site "Schwaebisch Gmuend"]
[Date "1990.??.??"]
[Round "?"]
[White "Gross, Stefan"]
[Black "Winterstein, Wolfgang"]
[Result "1-0"]
[WhiteElo "2420"]
[BlackElo "2275"]

1.Nf3 Nf6 2.c4 g6 3.Nc3 Bg7 4.e4 d6 5.d4 O-O 6.Be2 e5 7.Be3 c6 8.Qd2 exd4
9.Nxd4 Re8 10.f3 d5 11.exd5 cxd5 12.O-O Nc6 13.Rad1 dxc4 14.Bxc4 Nxd4 15.Bxd4 Be6
16.Bb5 Rf8 17.Rfe1 a6 18.Bf1 Qa5 19.Qf2 Rac8 20.Re5 Qc7 21.Rc5 Qe7 22.Rxc8 Rxc8
23.Qh4 Nd5 24.Qxe7 Nxe7 25.Bxg7 Kxg7 26.Kf2 Nc6 27.a3 Ne5 28.Re1 Nc4 29.Bxc4 Rxc4
30.Ke3 b5 31.Rc1 b4 32.Ne2 bxa3 33.bxa3 Kf6 34.Rxc4 Bxc4 35.Nc3 Ke5 36.f4+ Kf5
37.Ne4 Bd5 38.g4+ Ke6 39.Nc5+ Kd6 40.Nxa6 f6 41.Nb4 Be6 42.g5 fxg5 43.fxg5 Ke5
44.Nc6+ Kd5 45.Nd4 Bd7 46.Nf3 Bb5 47.Kf4 Bd7 48.Ne5 Be8 49.Ng4 Ba4 50.Nf6+ Ke6
51.Nxh7 Bd1 52.Nf6 Bc2 53.h4 Kd6 54.Ng4 Ke6 55.Ne5 Kd5 56.a4 Bxa4 57.Nxg6 Bc2
58.Ne5 Ke6 59.h5 Ke7 60.g6 Kf6 61.Ng4+ Kg7 62.Kg5 Kh8 63.h6 Bd3 64.g7+ Kh7
65.Nf6+  1-0

[Event "Schwaebisch Gmuend op"]
[Site "Schwaebisch Gmuend"]
[Date "1990.??.??"]
[Round "?"]
[White "Adamski, Jan"]
[Black "Klundt, Klaus"]
[Result "1/2-1/2"]
[WhiteElo "2410"]
[BlackElo "2415"]

1.Nf3 Nf6 2.c4 g6 3.Nc3 Bg7 4.e4 d6 5.d4 O-O 6.Be2 e5 7.Be3 Ng4 8.Bg5 f6
9.Bc1 c6 10.O-O Nd7 11.Qc2 f5 12.exf5 exd4 13.Bg5 Qa5 14.Nxd4 Bxd4 15.Bxg4 Ne5
16.Be2 Bxf5 17.Qd2 Bxc3 18.bxc3 Rfe8 19.Rfe1  1/2-1/2

[Event "RLPF-ch"]
[Site "Schweich"]
[Date "1990.??.??"]
[Round "11"]
[White "Koerholz, Ludger"]
[Black "Lorscheid, Gerhard"]
[Result "1/2-1/2"]
[WhiteElo "2255"]
[BlackElo "2250"]

1.d4 g6 2.c4 d6 3.Nc3 Bg7 4.Nf3 Nf6 5.e4 O-O 6.Be2 e5 7.O-O Qe8 8.dxe5 dxe5
9.b3 Na6 10.Qc2 Nb4 11.Qb1 Bg4 12.Be3 Bxf3 13.Bxf3 Nd7 14.Nd5 Na6 15.b4 c6
16.b5 cxd5 17.bxa6 d4 18.axb7 Rb8 19.Bd2 Nc5 20.Qb4 Qc6 21.Qb5 Qxb5 22.cxb5 Rxb7
23.Rfb1  1/2-1/2

[Event "GRE-ch"]
[Site "Serres"]
[Date "1990.??.??"]
[Round "2"]
[White "Skembris, Spyridon"]
[Black "Lagopatis, Nikolaos"]
[Result "1-0"]
[WhiteElo "2470"]
[BlackElo "2235"]

1.d4 Nf6 2.Nf3 g6 3.c4 Bg7 4.Nc3 O-O 5.e4 d6 6.Be2 e5 7.d5 a5 8.O-O Na6 9.Be3 Nh5
10.g3 f5 11.exf5 gxf5 12.Ne1 f4 13.Bd2 Nf6 14.gxf4 e4 15.f3 Nc5 16.Be3 Bh3
17.Ng2 Qe8 18.Qe1 Kh8 19.Qh4 Bf5 20.Rae1 Qd7 21.Kh1 Rf7 22.Bxc5 exf3 23.Rxf3 dxc5
24.Ne3 Re8 25.Nxf5 Qxf5 26.Bd3 Rxe1+ 27.Qxe1 Qh5 28.Rg3 Rf8 29.Qg1 Qh6 30.Ne2 b6
31.Qg2 Rg8 32.Rh3 Bf8 33.Rxh6 Rxg2 34.Rxf6 Rg8 35.Rf7 Bg7 36.Rxc7 Re8 37.d6  1-0

[Event "GRE-ch"]
[Site "Serres"]
[Date "1990.??.??"]
[Round "11"]
[White "Skembris, Spyridon"]
[Black "Dedes, Nikolaos"]
[Result "1/2-1/2"]
[WhiteElo "2470"]
[BlackElo "2295"]

1.d4 Nf6 2.c4 g6 3.Nc3 Bg7 4.e4 d6 5.Nf3 O-O 6.Be2 Nbd7 7.O-O e5 8.Re1 c6
9.Rb1 exd4 10.Nxd4 Re8 11.Bf1 Nc5 12.f3 a5 13.Be3 Qe7 14.Qd2 Nfd7 15.Rbd1 a4
16.Nc2 Be5 17.Bg5 Qf8 18.Bh6 Qe7 19.Bg5 Qf8 20.Kh1 Qg7 21.Bh6 Qf6 22.Bg5 Qh8
23.Na3 Nf8 24.Nab1 Nfe6 25.Bh4 h6 26.Bf2 g5 27.g3 Qf6 28.Bg2 Nf8 29.Be3 Ng6
30.Rf1 Be6 31.f4 gxf4 32.gxf4 Bxc3 33.Nxc3 Bxc4 34.Rg1 Kh7 35.Qxd6 Qxd6 36.Rxd6 Nd3
37.f5 Ngf4 38.Bf1 Rg8 39.Rg3 Rxg3 40.hxg3 Nxb2 41.Bxf4 Bxf1 42.Rxh6+ Kg7
43.Kg1 Bc4 44.f6+  1/2-1/2

[Event "Sevilla op"]
[Site "Sevilla"]
[Date "1990.??.??"]
[Round "?"]
[White "Montecatine, Ricardo"]
[Black "Ubilava, Elizbar"]
[Result "1/2-1/2"]
[WhiteElo "2300"]
[BlackElo "2515"]

1.d4 Nf6 2.c4 g6 3.Nc3 Bg7 4.e4 d6 5.Nf3 O-O 6.Be2 e5 7.Be3 Na6 8.O-O c6
9.dxe5 dxe5 10.Qxd8 Rxd8 11.Rfd1 Re8 12.c5 Nc7 13.h3 Nh5 14.Nd2 Nf4 15.Bf1 Nfe6
16.Nb3 Bf8 17.Rac1 Rb8 18.Nb1 Rd8 19.Na3 Bd7 20.Nc4 f6 21.Rd2 Nb5 22.Rcd1 Be8
23.Rxd8 Rxd8 24.Rxd8 Nxd8 25.a4 Nc7 26.Nba5 Bd7 27.Nd6 Bxd6 28.cxd6 Ne8 29.Bxa7 Nxd6
30.Bb6 Ne6 31.f3 Kf7 32.Kf2 Ke7 33.b4 Bc8 34.Nc4 Nxc4 35.Bxc4 Bd7 36.a5  1/2-1/2

[Event "Hungaroil"]
[Site "Siofok"]
[Date "1990.??.??"]
[Round "3"]
[White "Tolnai, Tibor"]
[Black "Frolov, Artur"]
[Result "1/2-1/2"]
[WhiteElo "2480"]
[BlackElo "2485"]

1.d4 Nf6 2.c4 g6 3.Nc3 Bg7 4.Nf3 O-O 5.e4 d6 6.Be2 e5 7.Be3 Ng4 8.Bg5 f6
9.Bc1 Nc6 10.h3 Nh6 11.dxe5 dxe5 12.Qd5+ Nf7 13.Be3 Nb4 14.Qxd8 Rxd8 15.Rc1 c6
16.O-O Be6 17.b3 Bh6 18.Bxh6 Nxh6  1/2-1/2

[Event "Stara Zagora zt-B"]
[Site "Stara Zagora"]
[Date "1990.??.??"]
[Round "8"]
[White "Marin, Mihail"]
[Black "Georgiev, Krum"]
[Result "1/2-1/2"]
[WhiteElo "2485"]
[BlackElo "2455"]

1.d4 Nf6 2.c4 g6 3.Nc3 Bg7 4.e4 d6 5.Nf3 O-O 6.Be2 e5 7.Be3 Ng4 8.Bg5 f6
9.Bh4 Nc6 10.d5 Ne7 11.Nd2 Nh6 12.f3 f5 13.b4 fxe4 14.fxe4 Rf4 15.Bf2 Ng4
16.Bxg4  1/2-1/2

[Event "Stara Zagora zt-B"]
[Site "Stara Zagora"]
[Date "1990.??.??"]
[Round "13"]
[White "Schneider, Attila"]
[Black "Georgiev, Krum"]
[Result "1/2-1/2"]
[WhiteElo "2425"]
[BlackElo "2455"]

1.d4 Nf6 2.c4 g6 3.Nc3 Bg7 4.e4 d6 5.Nf3 O-O 6.Be2 e5 7.dxe5 dxe5 8.Qxd8 Rxd8
9.Bg5 Re8 10.O-O-O Na6 11.Ne1 h6 12.Be3 Ng4 13.Bxg4 Bxg4 14.f3 Be6 15.b3 Bf8
16.Nc2 c6 17.Rd2  1/2-1/2

[Event "Tatran Cup"]
[Site "Stary Smokovec"]
[Date "1990.??.??"]
[Round "5"]
[White "Cvetkovic, Srdjan"]
[Black "Tibensky, Robert"]
[Result "1/2-1/2"]
[WhiteElo "2430"]
[BlackElo "2385"]

1.c4 Nf6 2.Nc3 g6 3.e4 d6 4.d4 Bg7 5.Nf3 O-O 6.Be2 e5 7.dxe5 dxe5 8.Qxd8 Rxd8
9.Bg5 Re8 10.Nd5 Nxd5 11.cxd5 c6 12.Bc4 cxd5 13.Bxd5 Na6 14.Ke2 Nb4 15.Bc4 Be6
16.Rhc1 Bxc4+ 17.Rxc4 Nc6 18.Rd1 f6 19.Be3 Red8  1/2-1/2

[Event "Tatran Cup"]
[Site "Stary Smokovec"]
[Date "1990.??.??"]
[Round "7"]
[White "Cvetkovic, Srdjan"]
[Black "Hracek, Zbynek"]
[Result "1/2-1/2"]
[WhiteElo "2430"]
[BlackElo "2475"]

1.c4 Nf6 2.Nc3 g6 3.e4 d6 4.d4 Bg7 5.Nf3 O-O 6.Be2 Nbd7 7.O-O e5 8.Re1 Re8
9.d5 Nc5 10.Bf1 a5 11.b3 Nh5 12.Bb2 Nf4 13.a3 f5 14.b4 Nxe4 15.Nxe4 fxe4
16.Nd2 axb4 17.axb4 Rxa1 18.Bxa1 Nd3 19.Bxd3 exd3 20.Ne4 Bf5 21.Qxd3 Qh4
22.g3 Qh5 23.Bc3 Ra8 24.f3 Bxe4 25.Rxe4 Ra2 26.h4 Qf5 27.g4 Qd7 28.Be1 Qa4
29.Re2 Ra3 30.Qe4 Qd1 31.Kg2 Kf7 32.Bf2 Qa4 33.c5 Rc3 34.g5 Qb3 35.cxd6 cxd6
36.Re3 Rxe3 37.Bxe3 b5 38.h5 Qd1 39.Qg4 Qc2+ 40.Kg3 Qf5 41.Qxf5+ gxf5 42.Bb6 Bf8
43.Bd8 Ke8 44.Bf6 Be7  1/2-1/2

[Event "Stockholm"]
[Site "Stockholm"]
[Date "1990.??.??"]
[Round "?"]
[White "Cramling, Pia"]
[Black "Shirov, Alexei"]
[Result "0-1"]
[WhiteElo "2505"]
[BlackElo "2580"]

1.d4 Nf6 2.c4 g6 3.Nc3 Bg7 4.e4 d6 5.Nf3 O-O 6.Be2 e5 7.dxe5 dxe5 8.Qxd8 Rxd8
9.Bg5 Rf8 10.Nd5 Nxd5 11.cxd5 c6 12.Bc4 b5 13.Bb3 Bb7 14.Rc1 a5 15.a3 a4
16.Ba2 Rc8 17.Be3 b4 18.axb4 Na6 19.dxc6 Rxc6 20.Rxc6 Bxc6 21.O-O Nxb4 22.Bb1 f6
23.Rc1 Bf8 24.Bd2 Rd8 25.h4 Be8 26.Bxb4 Bxb4 27.Ba2+ Kf8 28.Bd5 Rb8 29.Rc2 h5
30.Nd2 Ke7 31.Nf1 f5 32.g3 f4 33.Nh2 Kd6 34.Nf3 fxg3 35.fxg3 Bc5+ 36.Kg2 Bd4
37.Nxd4 exd4 38.Kf3 Bb5 39.Bc4 Rf8+ 40.Kg2 Bc6 41.Bd3 Rb8 42.Kf2 Be8 43.Ke1 Bf7
44.Kd2 Rb3 45.e5+ Kxe5 46.Rc5+ Kd6 47.Rb5 Kc6 48.Rxb3 axb3 49.Be4+ Kd6 50.Bd3 Ke5
51.Bb1 Be8 52.Bd3 Kf6 53.Be4 Bf7 54.Bb1 g5 55.hxg5+ Kxg5 56.Be4 Kg4 57.Kd3 Kxg3
58.Kxd4 h4 59.Ke3 h3 60.Bf3 h2  0-1

[Event "JUG-Cup"]
[Site "Svetozarevo"]
[Date "1990.??.??"]
[Round "?"]
[White "Cebalo, Miso"]
[Black "Strikovic, Aleksa"]
[Result "1/2-1/2"]
[WhiteElo "2525"]
[BlackElo "2465"]

1.d4 Nf6 2.Nf3 g6 3.c4 Bg7 4.Nc3 O-O 5.e4 d6 6.Be2 e5 7.O-O exd4 8.Nxd4 Re8
9.f3 c6 10.Kh1 Nbd7  1/2-1/2

[Event "SWZ-GP"]
[Site "?"]
[Date "1990.??.??"]
[Round "2"]
[White "Huss, Andreas"]
[Black "Mascarinas, Rico"]
[Result "0-1"]
[WhiteElo "2345"]
[BlackElo "2470"]

1.d4 Nf6 2.Nf3 g6 3.c4 Bg7 4.Nc3 O-O 5.e4 d6 6.Be2 e5 7.d5 a5 8.O-O Na6 9.Ne1 Nc5
10.f3 Nh5 11.g3 Bh3 12.Rf2 f5 13.Nd3 Nxd3 14.Bxd3 Nf6 15.Bf1 Bxf1 16.Qxf1 Qd7
17.Qh3 h5 18.Bg5 f4 19.Qxd7 Nxd7 20.Ne2 Rf7 21.Rd1 Raf8 22.Kg2 Nc5 23.Nc1 fxg3
24.Rff1 gxh2  0-1

[Event "Tarrassa"]
[Site "Tarrassa"]
[Date "1990.??.??"]
[Round "3"]
[White "Cramling, Pia"]
[Black "Romero Holmes, Alfonso"]
[Result "1-0"]
[WhiteElo "2470"]
[BlackElo "2460"]

1.d4 Nf6 2.c4 g6 3.Nc3 Bg7 4.e4 d6 5.Nf3 O-O 6.Be2 Nbd7 7.O-O e5 8.Qc2 c6
9.Be3 Ng4 10.Bg5 f6 11.Bh4 Qe7 12.b4 Re8 13.d5 Nh6 14.Nd2 Nf8 15.f3 g5 16.Bf2 f5
17.c5 dxc5 18.bxc5 f4 19.Nc4 Nf7 20.Rfd1 Ng6 21.Rd3 Rf8 22.Qd1 g4 23.fxg4 f3
24.Bxf3 Nf4 25.d6 Qe6 26.Ne3 Nxd3 27.Qxd3 Ng5 28.Nf5 Bd7 29.Bd1 Qf7 30.Ne2 Kh8
31.Neg3 Ne6 32.Nh5 Nf4 33.Nxf4 Bxf5 34.gxf5 exf4 35.Bb3 Qf6 36.Rd1 Rae8 37.d7 Rd8
38.Be6 Qg5 39.Bd4 Bxd4+ 40.Qxd4+ Rf6 41.Rf1 h5 42.e5 Rxf5 43.Bxf5 Qxf5 44.e6+ Kh7
45.Qd6  1-0

[Event "Tarrassa"]
[Site "Tarrassa"]
[Date "1990.??.??"]
[Round "8"]
[White "Bellon Lopez, Juan Manuel"]
[Black "Pomes Marcet, Juan"]
[Result "1/2-1/2"]
[WhiteElo "2445"]
[BlackElo "2420"]

1.d4 Nf6 2.Nf3 g6 3.c4 Bg7 4.Nc3 O-O 5.e4 d6 6.Be2 e5 7.dxe5 dxe5 8.Qxd8 Rxd8
9.Bg5 c6 10.Nxe5 Re8 11.O-O-O Na6 12.f4 h6 13.Bh4 g5 14.Bf2 gxf4 15.Nf3 Ng4
16.Bd4 Be6 17.g3 fxg3 18.Rhg1 Bxd4 19.Rxd4 Rad8 20.Rxg3 Kh8 21.Rxd8 Rxd8
22.h3 Nf6 23.Nd2 Nc5 24.Rf3 Nh7 25.b4 Nd7 26.Nd1 Ng5 27.Ra3 Nxh3 28.Rxa7 Nf4
29.Bf1 Rb8 30.Ne3 Ne5 31.Kc2 h5 32.Nf5 Bxf5 33.exf5 Ng4 34.Ra3 Re8 35.Rf3 Ne2
36.Bxe2 Rxe2 37.a4 Re5 38.a5 Kg7 39.Nb3 Rxf5 40.Rxf5 Ne3+ 41.Kd3 Nxf5 42.Nc5 h4
43.Ke2 Nd6 44.Nxb7 Nxc4 45.a6 Nb6 46.Nd8 Kf6 47.Nxc6 Ke6 48.a7 Kd5  1/2-1/2

[Event "Tastrup"]
[Site "Tastrup"]
[Date "1990.??.??"]
[Round "5"]
[White "Hansen, Lars Bo"]
[Black "Vogt, Lothar"]
[Result "1/2-1/2"]
[WhiteElo "2460"]
[BlackElo "2500"]

1.d4 Nf6 2.c4 g6 3.Nc3 Bg7 4.e4 d6 5.Be2 O-O 6.Nf3 e5 7.O-O Nbd7 8.Be3 Ng4
9.Bg5 f6 10.Bd2 c6 11.d5 f5 12.Ng5 Ndf6 13.b4 cxd5 14.cxd5 fxe4 15.h3 Nh6
16.g4 Kh8 17.Ngxe4 Nf7 18.Kg2 Nxe4 19.Nxe4 Bh6  1/2-1/2

[Event "Tel Aviv op"]
[Site "Tel Aviv"]
[Date "1990.??.??"]
[Round "?"]
[White "Shabtai, Ran"]
[Black "Gofshtein, Leonid D"]
[Result "1/2-1/2"]
[WhiteElo "2345"]
[BlackElo "2445"]

1.d4 Nf6 2.c4 g6 3.Nc3 Bg7 4.e4 d6 5.Nf3 O-O 6.Be2 e5 7.O-O Na6 8.Be3 Qe8
9.dxe5 dxe5 10.Nd2 c6 11.c5 Qe7 12.Bxa6 bxa6 13.f3 Rd8 14.Qe2 Nh5 15.g3 Bh3
16.Rfd1 f5 17.exf5 gxf5 18.Bf2 Kh8 19.Nc4 Qe6 20.Rd6 Rxd6 21.Nxd6 Rb8 22.Qc4 f4
23.Nce4 fxg3 24.hxg3 Qxc4 25.Nxc4 Be6 26.b3 Nf6 27.Nxf6 Bxf6 28.Nxe5 Bxe5
29.Re1 Rd8 30.Rxe5 Rd1+ 31.Kg2 Bd5 32.Re7 Rd2 33.g4 Rxa2 34.Kg3 Kg8 35.Rxa7 Rd2
36.f4 h6 37.f5 Bxb3 38.Rxa6 Bd5 39.Be3 Rg2+ 40.Kh3 Bf3 41.Bxh6 Rxg4 42.Rxc6 Rc4
43.Rg6+ Kf7 44.Be3 Be2 45.Kg3 Bd3 46.Rg4 Be4 47.c6 Kf6 48.c7 Kxf5 49.Rf4+ Ke5
50.Rf8 Bf5 51.Bf4+ Ke4 52.Re8+ Kd3 53.Kf3 Rc6 54.Be5 Kc4 55.Kf4 Bh3 56.Rh8 Be6
57.Rd8 Bh3 58.Bd6 Kd5 59.Be5+ Kc4 60.Ke4 Bg2+ 61.Ke3 Bh3 62.Bf4 Rc5 63.Bd6 Rc6
64.Ke4 Kb5 65.Rb8+ Ka6 66.Kd5 Bg2+ 67.Ke5 Bh3 68.Rb3 Bc8 69.Kd5 Rb6 70.Ra3+ Kb7
71.Bc5 Ra6  1/2-1/2

[Event "Tel Aviv"]
[Site "Tel Aviv"]
[Date "1990.??.??"]
[Round "?"]
[White "Soffer, Ram"]
[Black "Lahav, Ehud"]
[Result "1/2-1/2"]
[WhiteElo "2440"]
[BlackElo "2380"]

1.d4 Nf6 2.c4 g6 3.Nc3 Bg7 4.e4 d6 5.Be2 O-O 6.Nf3 e5 7.Be3 h6 8.O-O Ng4
9.Bc1 Nc6 10.d5 Ne7 11.Ne1 f5 12.Bxg4 fxg4 13.Be3 Kh7 14.c5 b6 15.cxd6 cxd6
16.a4 Ba6 17.Nd3 Qc8 18.Qd2 Qc4 19.Rfd1 Rac8 20.Rac1 Ng8 21.b4 Nf6 22.f3 gxf3
23.gxf3 Nh5 24.b5 Bb7 25.Kf2 Rf7 26.Qa2 Nf4 27.Qxc4 Rxc4 28.Nb2 Rb4 29.Nd3 Rc4
30.Nb2 Rb4 31.Nd3 Rc4  1/2-1/2

[Event "Tel Aviv"]
[Site "Tel Aviv"]
[Date "1990.??.??"]
[Round "?"]
[White "Lev, Ronen"]
[Black "Murrey, Jacob"]
[Result "1-0"]
[WhiteElo "2480"]
[BlackElo "2530"]

1.d4 Nf6 2.c4 g6 3.Nc3 Bg7 4.e4 d6 5.Nf3 O-O 6.Be2 Nbd7 7.O-O e5 8.d5 Nc5
9.Bg5 a5 10.Nd2 h6 11.Be3 Bd7 12.b3 Qc8 13.a3 Ng4 14.Bxg4 Bxg4 15.Qc2 Bd7
16.b4 axb4 17.axb4 Rxa1 18.Rxa1 Na6 19.Qb3 f5 20.f3 Rf7 21.c5 dxc5 22.bxc5 Bf8
23.Qc4 c6 24.d6 Be6 25.Qa4 Qd8 26.Nc4 Qf6 27.Na5 Bc8 28.Nxc6 Nxc5 29.Ne7+ Bxe7
30.Qe8+ Bf8 31.Bxc5 Bd7 32.Qb8 Bc6 33.Rd1 Kg7 34.h3 Qe6 35.Nd5 fxe4 36.fxe4 g5
37.Ne7 Qc4 38.Qa7 Bxe4 39.Ra1 Qc2 40.Ra2 Qc1+ 41.Kh2 Rf1 42.Be3 Qe1 43.Bg1 Qc1
44.Qe3 Qxe3 45.Bxe3 Kf7 46.Bc5 Ke6 47.Rd2 Kd7 48.Nc8 b5 49.Nb6+ Kd8 50.Re2 Rc1
51.Rf2 Bg7 52.Rf7 Rc2 53.Kg1 Rc1+ 54.Kf2 Rxc5 55.Rxg7 Bd5 56.Rh7 Rc2+  1-0

[Event "Tel Aviv"]
[Site "Tel Aviv"]
[Date "1990.??.??"]
[Round "?"]
[White "Bruk, Ofer"]
[Black "Kagan, Shimon"]
[Result "1/2-1/2"]
[WhiteElo "2435"]
[BlackElo "2390"]

1.d4 Nf6 2.Nf3 g6 3.c4 Bg7 4.Nc3 d6 5.e4 O-O 6.Be2 e5 7.dxe5 dxe5 8.Qxd8 Rxd8
9.Bg5 Re8 10.Nd5 Nxd5 11.cxd5 c6 12.Bc4 cxd5 13.Bxd5 Nc6 14.O-O Nb4 15.Bc4 Be6
16.Rfc1 Bxc4 17.Rxc4 Nc6 18.Rd1 f6 19.Be3 Red8 20.Rcc1 Bf8 21.Kf1 Kf7 22.Ke2 Ke6
23.Ne1 f5 24.f3 Be7 25.Nd3 Rd7 26.Rd2 Rad8 27.Rcd1 h5 28.g3 fxe4 29.fxe4 g5
30.Nf2 Rxd2+ 31.Rxd2 Rxd2+  1/2-1/2

[Event "Tel Aviv"]
[Site "Tel Aviv"]
[Date "1990.??.??"]
[Round "?"]
[White "Bruk, Ofer"]
[Black "Lev, Ronen"]
[Result "1/2-1/2"]
[WhiteElo "2435"]
[BlackElo "2480"]

1.e4 d6 2.d4 g6 3.c4 Bg7 4.Nf3 Nf6 5.Nc3 O-O 6.Be2 e5 7.dxe5 dxe5 8.Qxd8 Rxd8
9.Bg5 c6 10.Nxe5 Re8 11.O-O-O Na6 12.Rd6 Be6 13.f3 Nc5 14.Be3 Na6 15.f4 Bf8
16.Rdd1 Bb4 17.Bf3 Nc5 18.Bxc5 Bxc5 19.Rhe1 Rad8 20.Rxd8 Rxd8 21.Kc2 Bf2
22.Re2 Bd4 23.Rd2 Rd6 24.Nd5 Bxd5 25.exd5 c5 26.Re2 Kf8 27.g3 Rd8 28.Bg2 Ne8
29.Nf3 Bg7 30.Ng5 h6 31.Ne4 b6 32.Nd2 Nd6 33.g4 g5 34.fxg5 hxg5 35.b3 Re8
36.Rxe8+ Kxe8 37.h3 Be5 38.Kd3 Ke7 39.Nf3  1/2-1/2

[Event "Tel Aviv"]
[Site "Tel Aviv"]
[Date "1990.??.??"]
[Round "?"]
[White "Cramling, Pia"]
[Black "Lahav, Ehud"]
[Result "1-0"]
[WhiteElo "2505"]
[BlackElo "2380"]

1.d4 Nf6 2.c4 g6 3.Nc3 Bg7 4.e4 d6 5.Nf3 O-O 6.Be2 e5 7.dxe5 dxe5 8.Qxd8 Rxd8
9.Bg5 Re8 10.Nd5 Nxd5 11.cxd5 c6 12.Bc4 cxd5 13.Bxd5 Nd7 14.Nd2 Nc5 15.Be3 Nd3+
16.Ke2 Nf4+ 17.Bxf4 exf4 18.Nc4 Be6 19.Kf3 Bxd5 20.exd5 Rec8 21.Rac1 Rc5
22.d6 Rac8 23.b3 b5 24.d7 Rd8 25.Nd6 Rxc1 26.Rxc1 Rxd7 27.Nxb5 a6 28.Na3 Bf8
29.Nc4 h5 30.Re1 g5 31.Re5 Bh6 32.h3 Kh7 33.Ra5 Re7 34.Re5 Rxe5 35.Nxe5 f5
36.Ke2 Bg7 37.Nc6 Kg6 38.Nb4 a5 39.Nc6 Bc3 40.Ne7+ Kf7 41.Nxf5 Ke6 42.Kd3 Bf6
43.Ke4 h4 44.Nd4+ Kd6 45.Nc2 Kc5 46.a3 Kd6 47.Nd4 Bd8 48.Nf3 Ke6 49.Ne5 Bb6
50.Nc4 Bc5 51.f3 Be7 52.Kd4 Bf8 53.Nxa5 Bxa3 54.Kc4 Kd6 55.b4 Bb2 56.Nb3 Bf6
57.Nc5 Be7 58.b5 Kc7 59.Ne4 Kb6 60.Nc3 Bf8 61.Nd5+ Ka5 62.Nc3 Kb6 63.Kd5 Bb4
64.Ne4 Kxb5 65.Nxg5 Be1 66.Ne6 Kb4 67.Ke4 Kc3 68.Kxf4 Kd3 69.Kg4 Ke2 70.f4 Kf2
71.f5 Bc3 72.Nf4 Bd4 73.Kxh4  1-0

[Event "Toronto1"]
[Site "Toronto"]
[Date "1990.??.??"]
[Round "8"]
[White "Nickoloff, Bryon"]
[Black "Kozul, Zdenko"]
[Result "1/2-1/2"]
[WhiteElo "2435"]
[BlackElo "2575"]

1.c4 Nf6 2.Nc3 g6 3.e4 Bg7 4.d4 d6 5.Be2 O-O 6.Nf3 e5 7.Be3 exd4 8.Nxd4 Re8
9.f3 c6 10.Bf2 Nh5 11.Qd2 Be5 12.g3 a6 13.O-O c5 14.Nc2 Nc6 15.Rfe1 Nf6 16.Bd3 Qa5
17.Rad1 Rb8 18.f4 Bxc3 19.bxc3 Bg4 20.Rc1 Bf3 21.e5 dxe5 22.fxe5 Ng4 23.e6 Rxe6
24.Rxe6 fxe6 25.Be3 Nge5 26.Bf4 Rd8 27.Bxe5 Nxe5 28.Ne1 Bc6 29.Qe2 Qc7 30.Be4 Nf7
31.Nf3 Bxe4 32.Qxe4 Qc6 33.Qxc6 bxc6 34.Kf2 Rb8 35.Re1 Rb2+ 36.Re2 Rxe2+
37.Kxe2 Kg7 38.Kd3 Kf6 39.Nd2 Ne5+ 40.Ke4 h5 41.Nb3 Nd7 42.Na5 Kg5 43.Nxc6 Kg4
44.Ne5+ Nxe5 45.Kxe5 g5 46.Kd6 e5 47.Kxc5 e4 48.Kd4 Kf3 49.c5 e3 50.c6 e2
51.c7 e1=Q 52.c8=Q Qe3+ 53.Kd5 Kg2 54.c4 Qd3+ 55.Ke5 Kxh2 56.Kf6 Qxg3 57.c5 g4
58.Qf5 Qh4+ 59.Ke6 g3 60.c6 g2 61.c7 Qe1+ 62.Kf7 g1=Q 63.Qxh5+ Kg3 64.Qg5+ Kh2
65.Qh5+ Kg2 66.Qg4+ Kf1 67.Qf5+ Ke2 68.c8=Q Qa7+ 69.Kf8 Qb4+ 70.Kg8 Qab8
71.Kf7 Qa7+ 72.Kg6 Qab8 73.Kf7 Qa7+ 74.Kg6 Qab8 75.Kf7 Qa7+  1/2-1/2

[Event "Toulouse op"]
[Site "Toulouse"]
[Date "1990.??.??"]
[Round "5"]
[White "Lalic, Bogdan"]
[Black "Weill, Roland"]
[Result "1-0"]
[WhiteElo "2475"]
[BlackElo "2250"]

1.d4 g6 2.c4 Bg7 3.Nc3 d6 4.e4 Nd7 5.Nf3 e5 6.Be2 Ngf6 7.O-O O-O 8.Be3 h6
9.dxe5 dxe5 10.Qc1 Kh7 11.Ne1 c6 12.Nc2 Qe7 13.b4 Ne8 14.Rd1 Nc7 15.c5 Ne6
16.Rd6 Re8 17.a3 Nf6 18.f3 Nh5 19.Qe1 Nef4 20.Bc4 Be6 21.Bxe6 Nxe6 22.Rad1 Rad8
23.Qf1 Qc7 24.g3 Bf8 25.R6d2 Rxd2 26.Rxd2 Rd8 27.Qd1 Rxd2 28.Qxd2 Qd8 29.Qxd8 Nxd8
30.Na4 f5 31.Nc3 Nf6 32.Bf2 fxe4 33.fxe4 Kg7 34.Ne3 Kf7 35.Nc4 Ke6 36.Kg2 Nf7
37.Be3 Ng8 38.Na5 Nd8 39.g4 Be7 40.Kg3 Bg5 41.Bxg5 hxg5 42.Nc4 Nf7 43.Nb1 Nf6
44.Nbd2 Kd7 45.h3 Kc7 46.Kf2 b6 47.cxb6+ axb6 48.Ke3 b5 49.Nb2 Kd6 50.a4 bxa4
51.Nxa4 Nd7 52.Nf3 Ke7 53.Kd3 Kf6 54.Nb2 Nf8 55.Nc4 Ne6 56.Na5 Nfd8 57.Ke3 Nf4
58.h4 Ng2+ 59.Kf2 Nxh4 60.Nd2 Ke6 61.Ndc4 Kf6 62.Kg3 Ke6 63.Kf2 Kf6 64.Nb2 Ke6
65.Nd3 Kf6 66.Nc5 Ke7 67.Kg3 Kf6 68.Nab7 Nxb7 69.Nxb7 Ke7 70.Kf2 Kd7 71.Na5 Kc7
72.Nc4 c5  1-0

[Event "Toulouse op"]
[Site "Toulouse"]
[Date "1990.??.??"]
[Round "8"]
[White "Alvarez Ibarra, D Rafael"]
[Black "Petit, Eric"]
[Result "1/2-1/2"]
[WhiteElo "2385"]
[BlackElo "2265"]

1.d4 Nf6 2.Nf3 g6 3.c4 Bg7 4.Nc3 O-O 5.e4 d6 6.Be2 Nbd7 7.O-O e5 8.Qc2 exd4
9.Nxd4 Re8 10.Rd1 Nc5 11.f3 c6 12.Be3 Qe7 13.b4 Ne6 14.Nxe6 Bxe6 15.Rac1 Nd7
16.Nd5 cxd5 17.cxd5 Bf5 18.Qc7 Nf6 19.Bb5 Bd7 20.Bxd7 Qxd7 21.Qxd7 Nxd7 22.Rc7 Nb6
23.Bf4 Bf8 24.Rxb7 Re7 25.Rxe7 Bxe7 26.Rc1 Rc8 27.Rxc8+ Nxc8 28.Kf2 Kf8 29.Ke2 Ke8
30.Kd3 Nb6 31.Be3 Bf6 32.a4 Kd7 33.a5 Nc8 34.b5 Kc7 35.Kc4 Kb7 36.f4 Bg7
37.g4 f5 38.exf5 gxf5 39.gxf5 Ne7 40.Bd4 Bxd4  1/2-1/2

[Event "Toulouse op"]
[Site "Toulouse"]
[Date "1990.??.??"]
[Round "8"]
[White "Neidhardt, Claus Ulrich"]
[Black "Danailov, Silvio"]
[Result "0-1"]
[WhiteElo "2305"]
[BlackElo "2380"]

1.d4 Nf6 2.Nf3 g6 3.c4 Bg7 4.Nc3 O-O 5.e4 d6 6.Be2 e5 7.Be3 h6 8.O-O Ng4
9.Bc1 Nc6 10.d5 Ne7 11.h3 Nf6 12.Be3 Nd7 13.Qd2 Kh7 14.Ne1 f5 15.exf5 Nxf5
16.Ne4 Nf6 17.Bd3 Bd7 18.Nf3 Nh5 19.Nc3 Nd4 20.Be4 Nxf3+ 21.Bxf3 Rxf3 22.gxf3 Bxh3
23.Rfc1 Qh4 24.Ne4 Rf8 25.Qd1 Rf5 26.c5 Nf4 27.Ng3 Rh5 28.Bxf4 exf4 29.Nxh5 Qxh5
30.Kh2 Bg4+  0-1

[Event "Trnava op"]
[Site "Trnava"]
[Date "1990.??.??"]
[Round "3"]
[White "Chabanon, Jean Luc"]
[Black "Kupreichik, Viktor D"]
[Result "1/2-1/2"]
[WhiteElo "2390"]
[BlackElo "2490"]

1.d4 Nf6 2.c4 g6 3.Nc3 Bg7 4.e4 d6 5.Nf3 O-O 6.Be2 e5 7.O-O Na6 8.Re1 c6
9.Rb1 exd4 10.Nxd4 Re8 11.f3 Nc7 12.Bf1 d5 13.cxd5 Nfxd5 14.Nxd5 cxd5 15.Nc2 dxe4
16.Qxd8 Rxd8 17.fxe4 Be6 18.Bg5 f6 19.Bf4 Bxa2 20.Bxc7 Rdc8 21.Rbc1 Rxc7
22.Nb4 Rxc1 23.Rxc1 Be6 24.Rc7 f5 25.exf5 Bd4+ 26.Kh1 Rf8 27.Bc4 Bxc4 28.Rxc4 Bxb2
29.g4 gxf5 30.Nd3 Bg7 31.Rc7 Rd8 32.Nc5 Rd1+ 33.Kg2 fxg4 34.Ne6 Be5 35.Rxb7 Rd2+
36.Kf1 Ra2 37.Rb4 h5 38.Rb5 Bxh2 39.Rxh5 Kf7 40.Nd4 Kg6 41.Rh8 Be5 42.Rg8+ Kh5
43.Nf5 a5 44.Re8 Bf6 45.Ng3+ Kh4 46.Ne4 g3 47.Nxf6 Rf2+ 48.Kg1 Rxf6 49.Re5 Ra6
50.Kg2 a4 51.Re4+ Kg5 52.Kxg3 a3 53.Re1 Kf5 54.Kf3 Rd6 55.Rc1 Ra6 56.Ke3 Rg6
57.Kd3 Rg2 58.Kc3 Ke4 59.Kb3 a2 60.Ra1  1/2-1/2

[Event "Tuzla"]
[Site "Tuzla"]
[Date "1990.??.??"]
[Round "5"]
[White "Vasiljevic, Bozidar"]
[Black "Palos, Osman"]
[Result "1/2-1/2"]
[WhiteElo "2260"]
[BlackElo "2370"]

1.d4 Nf6 2.c4 g6 3.Nc3 Bg7 4.e4 d6 5.Nf3 O-O 6.Be2 Nbd7 7.O-O e5 8.dxe5 dxe5
9.Qc2 c6 10.Rd1 Qc7 11.b3 Re8 12.Ba3 Bf8 13.Bxf8 Nxf8 14.h3 Nh5 15.Rd2 Nf4
16.Bf1 Qe7 17.Ne2 g5 18.Nxf4 gxf4 19.Rad1 c5 20.Qd3 f6 21.Qd6 Ne6 22.Qxe7 Rxe7
23.Rd6 Kf7 24.Be2 b6 25.Nh4 Nd4 26.Bh5+ Kg7 27.Bg4 Bxg4 28.hxg4 Rf7 29.f3 h5
30.Nf5+ Kg6 31.Nxd4 cxd4 32.gxh5+ Kh6 33.Kf2 Rg8 34.Rh1 Rg5 35.a4 Rxh5 36.Rxh5+ Kxh5
37.Rd8 Rg7 38.Rh8+ Kg6 39.g3 fxg3+ 40.Kxg3 Rd7 41.Rh2 d3 42.Rd2 Kg5 43.b4 Rd4
44.c5 Rxb4 45.cxb6 axb6 46.Rxd3 Rxa4 47.Rb3 Ra6 48.Rb5 Kh6 49.Kg4 Kg7 50.Kf5 Kf7
51.Rb3 Ke7 52.Rb5 Ra3 53.Kg4  1/2-1/2

[Event "USA op"]
[Site "USA"]
[Date "1990.??.??"]
[Round "?"]
[White "Terrie, Henry L"]
[Black "Rolletschek, Heinrich"]
[Result "1/2-1/2"]
[WhiteElo "2230"]
[BlackElo "2400"]

1.c4 Nf6 2.Nc3 g6 3.Nf3 Bg7 4.e4 d6 5.d4 O-O 6.Be2 e5 7.dxe5 dxe5 8.Qxd8 Rxd8
9.Bg5 Na6 10.Nd5 Rd6 11.Bxf6 Bxf6 12.Nxf6+ Rxf6 13.Nxe5 Re6 14.Ng4 Re7 15.Ne3 Rxe4
16.O-O-O Re8 17.Bf3 c6 18.Rd6 Be6 19.Rhd1 Kf8 20.b3  1/2-1/2

[Event "Val Thorens op"]
[Site "Val Thorens"]
[Date "1990.??.??"]
[Round "5"]
[White "Cebalo, Miso"]
[Black "Soloviov, Sergei"]
[Result "1-0"]
[WhiteElo "2525"]
[BlackElo "2365"]

1.Nf3 g6 2.d4 Bg7 3.c4 Nf6 4.Nc3 d6 5.e4 O-O 6.Be2 e5 7.O-O Na6 8.Be3 Ng4
9.Bg5 Qe8 10.h3 h6 11.Bc1 Nf6 12.dxe5 dxe5 13.Be3 Nd7 14.Rb1 f5 15.b4 f4
16.Bc1 c6 17.c5 g5 18.Nd2 Nf6 19.Nc4 Be6 20.Nd6 Qd7 21.Ba3 b5 22.Ncxb5 Bxh3
23.gxh3 f3 24.Bxf3 cxb5 25.Nf5 Qb7 26.Bb2 Qc7 27.Qb3+ Kh7 28.Rbd1 Nb8 29.Rd6 Nc6
30.Rfd1 Rae8 31.Re6 Rxe6 32.Qxe6 Re8 33.Qb3 Bf8 34.a4 a6 35.axb5 axb5 36.Be2 Na7
37.Qf3  1-0